00466nam a2200145Ia 4500008004100000040001800041041000800059100003700067245007400104260005400178300001600232650002600248650001500274650003100289130821s1900 ck gr spa  aCo-BoUCMbspa00aspa1 aUribe, Antonio Joséd1873-194200aAnales diplomáticos y consulares de Colombia / Antonio José Uribe aBogotá (Colombia)bImprenta Nacionalc1900-1959 a[1 volumen]04aDerecho internacional04aDiplomacia04aRelaciones internacionales